00929nam a22002537a 45000010005000000030006000050050017000110080041000280200018000690400029000870500017001160820011001331000024001442450098001682600045002663000060003115050008003715200188003795210023005675210020005906500027006106500022006377000016006598471FISKH20250915112737.0250915b cb ||||| |||| 00| 0 eng d a9780399246524 aFISKHbengcFISKHdFISKH aPZ7.W84945 E a813.54 aWoodson, Jacqueline aEach kindness /cBy Jacqueline Woodson : illustrated by E.B. Lewis Creator of The Other Side  aLondon :bNancy Paulsen Books , c2012. a32 unnumbered pages : bcolor illustrations ;c29 cm .  aN  aWhen Ms. Albert teaches a lesson on kindness, Chloe realizes that she and her friends have been wrong in making fun of new student Maya's shabby clothes and refusing to play with her.8 a530 bLexile AD 8 aN bRaz-Plus  aNew students vFiction aBullyingvFiction aLewis, E.B.